000 00858nam a22002777a 4500
001 BR2017001131
003 BR-BrBNA
005 20230928105102.0
007 ta
008 230509b bl.||||| |||| 00| 0 por d
040 _aBR-BrBNA
_bpor
_cBiblioteca Nacional de Agricultura
041 _a(Por)
072 _aE14
_b0510
090 _ 0510 BR2017001131
100 1 _aFarrapo, C.L.
110 1 _aUniversidade Federal de Lavras, MG (Brasil)
_0Tese (Mestrado)
245 1 _aDurabilidade de fibrocimento reforçado com polpa de sisal após 10 anos de envelhecimento natural
260 3 _aLavras, MG (Brasil):
_c2015.
300 _a86 p.
500 _aSummaries (Eng, Por); Bibliography p. 63-73; 30 illus.
650 _aSISAL
650 _aAGAVE SISALANA
650 _aTECNOLOGIA INDUSTRIAL
909 _a202309
_bLucia
_c55
_dLucia Elande
942 _cBK
999 _c83336
_d83336